000 00617nam a2200217 4500
003 OSt
005 20240624034624.0
006 a
008 240624b |||||||| |||| 00| 0 eng d
020 _a8174464794
040 _aDWCL-Main lib.
_cOC
082 _2First edition
_aCirc. 174.4 R215b 2006
100 _aRao, A B
245 _aBusiness ethics and professional values /
250 _aFirst edition
260 _aNew Delhi :
_bExcel Books,
_cc2006.
300 _aix,
_b195 p. ;
_c24 cm.
650 _a1. Business ethics.
650 _a2. Professional ethics.
942 _2ddc
_n0
_cBK-CIRC
_eFirst edition
_kCirc.
999 _c1208
_d1208